01466cam a2200385 a 450000100090000000300040000900500170001300800410003001000170007102000210008802000220010903500230013104000180015404300120017205000230018408200190020710000430022624000300026924501140029926000350041330000290044844000310047750000570050850400410056560000540060665000240066065100470068465100340073170000350076570000250080090600450082594200440087095201490091499900170106314034999OSt20231205101346.0050713s2004 enkaf b 000 0 eng  a 2005298796 a1843310821 (Hbk) a184331083X (pbk.) a(OCoLC)ocm58593340 aDLCcDLCdDLC aa-ii---00aDS481.B6bA25 2004 a954.035bBOS/A1 aBose, Subhas Chandra,d1897-19459319910aWorks.kSelections.f200410aAzad Hind :bwritings and speeches, 1941-43 /cSubhas Chandra Bose ; edited by Sisir K. Bose and Sugata Bose. aLondon :bAnthem Press,c2004. a204 p., bill. ;c25 cm. 0aAnthem South Asian studies aOriginally published: Delhi : Permanent Black, 2002. aIncludes bibliographical references.10aBose, Subhas Chandra,d1897-1945vCorrespondence. 0aNationalismzIndia. 0aIndiaxPolitics and governmenty1919-1947. 0aIndiaxHistoryy20th century.1 aBose, Sisir Kumar,d1920-2000.1 aBose, Sugata,d1956- a7bcbccorigresd2encipf20gy-gencatlg 2ddccBKh954.035iBOS/Ak954.035mBOS/A 00102ddc40708HISTORYaMESbMEScHISd2023-12-05l1m1o923.254 BOS/Ap44015r2024-09-09 10:11:31s2024-08-21v375.00w2023-12-05yBKzGL43R1 c43834d43834